000
00343 a2200157 4500
001
191586
020
_a
978-85-63877-28-4
040
_c
Magnum
100
_a
Dantas, Goimar
240
1
0
_a
Minha boca está pelada
_l
por
245
1
0
_a
Minha boca está pelada
300
_a
24
362
0
_a
2013
697
_a
LITERATURA INFANTO
942
_c
BK
999
_c
191586
_d
191586